| 000 | 00610nam a22002057a 4500 | ||
|---|---|---|---|
| 999 |
_c4614 _d4614 |
||
| 003 | OSt | ||
| 005 | 20191021134538.0 | ||
| 008 | 160701b xxu||||| |||| 00| 0 eng d | ||
| 020 | _a9781582557335 | ||
| 040 | _cDNLM | ||
| 082 | _aWY18 R11s 2011 | ||
| 100 |
_aSparks, Ralph Sheila; Taylor, Cynthia M. _99921 |
||
| 245 | _aSparks and Taylor's Nursing Diagnosis Pocket Guide | ||
| 260 | _aPhiladelphia; Wolters Kluwer, c2011 | ||
| 300 | _axxiii,488p; col.ill: 18cm | ||
| 504 | _aAppendice, & index included | ||
| 650 |
_aNursing proceedures _97359 |
||
| 650 |
_aNursing Diagnosis _96489 |
||
| 942 |
_2z _cO_SHELF |
||